000 00240nam a2200097Ia 4500
008 230508s1998 xx 000 0 und d
041 _aeng
100 _aJAIN P.L.
245 _aTOOL ENGG.FOR METAL CASTING PROCESS
260 _bSTAND PUB
_c1998
999 _c342540
_d342540